| 000 | 00628nam a22002057a 4500 | ||
|---|---|---|---|
| 001 | 13484 | ||
| 005 | 20260224085512.0 | ||
| 008 | 260224b |||||||| |||| 00| 0 eng d | ||
| 020 | _a9781905736423 | ||
| 040 | _aBSULIB | ||
| 082 |
_222 _a658.4 _bCLA |
||
| 100 |
_aClark, Martin. _926305 |
||
| 245 |
_aThe social entrepreneur revolution: _bdoing good by making money, making money by doing good/ _cMartin Clark |
||
| 250 | _a1st ed. | ||
| 260 |
_aLondon: _bMarshall cavendish, _c2009. |
||
| 300 |
_aix, 192P.: _bill.; _c20cm. |
||
| 500 | _aIncludes bibliographical references | ||
| 650 | _2Entreprenuership | ||
| 942 |
_2ddc _cBK |
||
| 999 |
_c13484 _d13484 |
||